| 000 | 00367nam a22001697a 4500 | ||
|---|---|---|---|
| 005 | 20230411142859.0 | ||
| 020 | _a9789388750875 | ||
| 041 | _aEnglish | ||
| 082 | _a001 Q19 ZAD | ||
| 100 | _aZad.N.S | ||
| 245 | _aQuestion Bank with Model Test Papers | ||
| 250 | _a5 | ||
| 260 |
_aNew Delhi _bTaxmann _c2019 |
||
| 300 | _a843 | ||
| 365 | _b1050.00 | ||
| 942 | _cBK | ||
| 999 |
_c170997 _d170997 |
||